000 00733nam a2200193Ia 4500
005 20250508152028.0
008 008 250505s9999 xx 000 0 eng d
037 _aTextual
040 _aFEDL
_beng
_cFEDL
041 _aeng
_2eng
084 _a370.61, UNI
_qFEDL
245 0 _aRecords of the general conference of the United nations educational scientific and cultural organization : Second session Mexico 1947, V 1
245 0 _cUnited Nations Educational Scientific and Cultural Organization (Paris France)
260 _aParis, France
_bUnited Nation Educational Scientfic and Cultural Orgnization
_c1948
300 _a637p
650 _aEducation
942 _cTEXL
_h370.61, UNI
999 _c1333734
_d1333734